005560000a220008500045001000030000002450066000303000051000965200278001477730045004251 aGonzález A, Juan Carlos10aElla sabía enamorarlos : El centenario de Katharine Hepburn aVol.0, núm.19 (Abril, 2007), Páginas 22-23 a'El veneno de las taquillas', como la llamaron en la década de los años treinta del siglo pasado, cumple un centenario de su natalicio este 12 de mayo. ¿Por qué puso de rodillas a Hollywood y se convirtió en el amor de toda una generación? Homenaje a una diva.0 tArcadia / Andrés Felipe Solano, Editor